[Event "Prvenstvo SSFBiH 2015"]
[Site "Lukavac"]
[Date "2016.04.03"]
[Round "6.21"]
[White "Nukic, Farik"]
[Black "Mujcinovic, Muharem"]
[Result "0-1"]
[WhiteElo "1762"]
[BlackElo "1783"]
[PlyCount "120"]
[EventDate "2016.03.31"]

1. d4 d5 2. Nf3 Nf6 3. Bf4 Nc6 4. e3 a6 5. Nbd2 h6 6. c4 e6 7. Be2 Ne7 8. O-O
Ng6 9. Bg3 Nh5 10. Rc1 Nxg3 11. fxg3 c6 12. Bd3 f5 13. g4 Ne7 14. Ne5 h5 15.
gxh5 dxc4 16. Ndxc4 Nd5 17. Ng6 Rh6 18. Qf3 Qg5 19. e4 Nf6 20. exf5 Kf7 21.
Nxf8 Kxf8 22. Nb6 Rb8 23. Nxc8 Rxc8 24. fxe6 Qxh5 25. Qxh5 Rxh5 26. Rce1 Ke7
27. Re5 Rh4 28. Rg5 Rg8 29. Bc4 Rxd4 30. Bb3 b5 31. Rg6 Rdd8 32. g4 c5 33. g5
c4 34. Bc2 Nd5 35. Rf7+ Ke8 36. Rgxg7 Rxg7 37. Rxg7 Rd6 38. Bg6+ Kd8 39. Bf5
Ne7 40. Bg4 Rd2 41. Rf7 Rxb2 42. Rf8+ Kc7 43. Re8 Kd6 44. Rd8+ Ke5 45. Re8 Kd6
46. Rd8+ Ke5 47. Rd7 Kf4 48. Rxe7 Kxg4 49. Kf1 Kxg5 50. Rf7 c3 51. Rc7 Kf6 52.
e7 Kf7 53. Rxc3 Rxa2 54. h4 Kxe7 55. h5 b4 56. Rb3 a5 57. Ke1 Rh2 58. Rd3 Rxh5
59. Kd1 Rc5 60. Kd2 Ke6 0-1

[Event "Prvenstvo SSFBiH 2015"]
[Site "Lukavac"]
[Date "2016.04.03"]
[Round "6.22"]
[White "Abdic, Husnija"]
[Black "Kustura, Hajrudin"]
[Result "1-0"]
[WhiteElo "1757"]
[BlackElo "1616"]
[PlyCount "61"]
[EventDate "2016.03.31"]

1. d4 Nf6 2. c4 d5 3. Nf3 h6 4. h3 e6 5. Nc3 Bb4 6. e3 Nc6 7. Qc2 Ne4 8. Bd3 f5
9. a3 Bxc3+ 10. bxc3 O-O 11. O-O Qf6 12. cxd5 exd5 13. Bb2 Be6 14. c4 g5 15.
cxd5 Bxd5 16. Bc4 Qe6 17. Bxd5 Qxd5 18. Ne5 Rf6 19. Qe2 Kh7 20. Rac1 Raf8 21.
Rc2 f4 22. Rfc1 fxe3 23. f3 Nxd4 24. Rxc7+ Kg8 25. Bxd4 Qxd4 26. Nd7 Ng3 27.
Nxf6+ Rxf6 28. Qa2+ Kf8 29. Rc8+ Ke7 30. R1c7+ Kd6 31. Rd8+ 1-0

[Event "Prvenstvo SSFBiH 2015"]
[Site "Lukavac"]
[Date "2016.04.03"]
[Round "7.2"]
[White "Obad, Andrija"]
[Black "Sutkovic, Damir"]
[Result "1/2-1/2"]
[WhiteElo "2238"]
[BlackElo "2304"]
[PlyCount "110"]
[EventDate "2016.03.31"]

1. e4 c6 2. d4 d5 3. Nd2 dxe4 4. Nxe4 Nd7 5. Ng5 Ngf6 6. Bd3 Qc7 7. N1f3 Qd6 8.
Qe2 h6 9. Ne4 Nxe4 10. Qxe4 Nf6 11. Qe5 Bg4 12. Qxd6 exd6 13. Nh4 g6 14. h3 Bd7
15. O-O O-O-O 16. Re1 Nd5 17. Bd2 Bg7 18. c3 Rhe8 19. Kf1 Rxe1+ 20. Rxe1 Re8
21. Rxe8+ Bxe8 22. Ke2 f5 23. g3 b5 24. Ng2 Kd7 25. b3 Bf7 26. h4 Ne7 27. Nf4
a5 28. Bc2 Bf6 29. Nh3 Bg7 30. Nf4 Bf6 31. f3 g5 32. hxg5 hxg5 33. Nh3 g4 34.
fxg4 fxg4 35. Ng5 Bd5 36. Ne4 Ke6 37. Bf4 Nf5 38. Nxf6 Kxf6 39. Bxf5 Kxf5 40.
Bxd6 Ke4 41. Kd2 a4 42. Kc2 Be6 43. Kb2 axb3 44. axb3 Kd5 45. Bf8 Bf5 46. Ka3
Bd3 47. Kb4 Be2 48. Be7 Bd3 49. Bf6 Be2 50. Bg7 Bd3 51. Bf8 Be2 52. Ka3 Bd3 53.
Kb2 Ke4 54. Kc1 Bf1 55. Kd2 Bd3 1/2-1/2

[Event "Prvenstvo SSFBiH 2015"]
[Site "Lukavac"]
[Date "2016.04.03"]
[Round "7.3"]
[White "Mrndjic, Muamer"]
[Black "Budimir, Boris"]
[Result "0-1"]
[WhiteElo "2261"]
[BlackElo "2249"]
[PlyCount "126"]
[EventDate "2016.03.31"]

1. d4 Nf6 2. c4 e6 3. Nf3 d5 4. Nc3 c5 5. e3 cxd4 6. exd4 Be7 7. Be2 O-O 8. O-O
dxc4 9. Bxc4 Nc6 10. a3 a6 11. d5 exd5 12. Nxd5 Nxd5 13. Bxd5 Qb6 14. Nd2 Qd4
15. Nc4 Qxd1 16. Rxd1 Bg4 17. f3 Bf5 18. Be3 Rad8 19. Rac1 Be6 20. Bxe6 fxe6
21. Bb6 Rd5 22. Re1 Kf7 23. Rcd1 Rc8 24. Kf1 Rxd1 25. Rxd1 Nb8 26. b3 Ke8 27.
a4 Nd7 28. a5 Nxb6 29. axb6 Rc6 30. Ke2 Bc5 31. f4 Bxb6 32. Nd6+ Ke7 33. Nxb7
Bc7 34. g3 Rc2+ 35. Rd2 Rxd2+ 36. Kxd2 Bb6 37. b4 Kd7 38. Kc3 Kc6 39. Na5+ Bxa5
40. bxa5 Kb5 41. g4 Kxa5 42. Kd4 Kb6 43. Ke5 a5 44. Kxe6 a4 45. Kf7 a3 46. Kxg7
a2 47. Kxh7 a1=Q 48. Kg6 Qd4 49. Kg5 Qd8+ 50. Kg6 Qg8+ 51. Kf5 Qh7+ 52. Ke5
Qxh2 53. g5 Qh8+ 54. Ke6 Qg7 55. f5 Qxg5 56. f6 Qe3+ 57. Kd7 Qd4+ 58. Ke6 Qe4+
59. Kd6 Qf5 60. Ke7 Qe5+ 61. Kf7 Kc6 62. Kg6 Kd7 63. Kf7 Qh5+ 0-1

[Event "Prvenstvo SSFBiH 2015"]
[Site "Lukavac"]
[Date "2016.04.03"]
[Round "7.4"]
[White "Arnaut, Armin"]
[Black "Nurkic, Husein"]
[Result "0-1"]
[WhiteElo "2048"]
[BlackElo "2218"]
[PlyCount "144"]
[EventDate "2016.03.31"]

1. e4 d5 2. exd5 Qxd5 3. Nc3 Qd6 4. d4 Nf6 5. Nf3 a6 6. g3 Bg4 7. Bg2 Nc6 8.
Be3 e6 9. h3 Bh5 10. g4 Bg6 11. Qd2 O-O-O 12. a3 e5 13. O-O-O Be7 14. d5 Nb8
15. Nh4 Qd7 16. Nxg6 hxg6 17. g5 Nh5 18. h4 f5 19. gxf6 gxf6 20. d6 Bxd6 21.
Nd5 f5 22. Qc3 Nc6 23. Bg5 Rde8 24. Bf3 Re6 25. Be3 Kb8 26. b4 Rf8 27. Be2 Na7
28. Qb3 Nf6 29. Bxa7+ Kxa7 30. Nxc7 Re7 31. Qe3+ Kb8 32. Nxa6+ Ka8 33. Qb6 Ne4
34. Bf3 Rf6 35. Bxe4 fxe4 36. Nc5 Qc7 37. Qxc7 Bxc7 38. Nxe4 Rf4 39. Rde1 Rh7
40. Ng5 Re7 41. f3 Bb6 42. Re4 Rf5 43. Rh2 Re8 44. Rhe2 Rh8 45. c4 Bd4 46. Kc2
Rf6 47. Kb3 b6 48. a4 Kb7 49. Ra2 Rhf8 50. a5 Rf4 51. Ne6 Rxf3+ 52. Ka4 Rc8 53.
Nxd4 exd4 54. Rxd4 bxa5 55. bxa5 Rc3 56. Kb4 Rc1 57. Ra3 Kc6 58. Rd5 Rb8+ 59.
Rb5 Rh8 60. Rb6+ Kc7 61. Rxg6 Rxh4 62. Rg7+ Kc6 63. Rg6+ Kd7 64. Rc3 Rb1+ 65.
Ka4 Ra1+ 66. Kb5 Rb1+ 67. Ka6 Rb4 68. Rg7+ Kc6 69. Rg8 Rh6 70. Rg5 Rb8 71. Ka7
Rb7+ 72. Ka6 Kc7+ 0-1

[Event "Prvenstvo SSFBiH 2015"]
[Site "Lukavac"]
[Date "2016.04.03"]
[Round "7.5"]
[White "Buljubasic, Sabahudin"]
[Black "Sinanovic, Ermin"]
[Result "1-0"]
[WhiteElo "2342"]
[BlackElo "2118"]
[PlyCount "71"]
[EventDate "2016.03.31"]

1. e4 c5 2. Nf3 e6 3. d4 cxd4 4. Nxd4 a6 5. Bd3 Nc6 6. Nxc6 bxc6 7. O-O Qc7 8.
Nd2 d5 9. b3 Nf6 10. Qe2 Bd6 11. g3 e5 12. Bb2 O-O 13. Rfe1 Re8 14. Rac1 Qe7
15. Ba1 Ng4 16. Rf1 h5 17. c4 f5 18. cxd5 cxd5 19. h3 Nf6 20. exf5 e4 21. Bxf6
Qxf6 22. Nxe4 dxe4 23. Bxe4 Bxf5 24. Bd5+ Kf8 25. Qxh5 Bg6 26. Qh8+ Ke7 27.
Rfe1+ Be5 28. Qh4 Qxh4 29. gxh4 Kf6 30. Bxa8 Rxa8 31. Rc6+ Kf5 32. Rxe5+ Kxe5
33. Rxg6 Ra7 34. Kg2 Kd4 35. Kg3 Kc3 36. Rg4 1-0

[Event "Prvenstvo SSFBiH 2015"]
[Site "Lukavac"]
[Date "2016.04.03"]
[Round "7.6"]
[White "Trumic, Enes"]
[Black "Salkic, Mahir"]
[Result "1-0"]
[WhiteElo "2232"]
[BlackElo "2137"]
[PlyCount "59"]
[EventDate "2016.03.31"]

1. d4 Nf6 2. c4 g6 3. Nc3 Bg7 4. Nf3 O-O 5. g3 d6 6. Bg2 c6 7. O-O Qc7 8. Qc2
Nbd7 9. h3 a6 10. a4 h6 11. Be3 Re8 12. a5 b6 13. axb6 Nxb6 14. b3 Nfd7 15.
Rad1 Bb7 16. Nh4 e5 17. dxe5 Nxe5 18. Ne4 Rad8 19. Nxd6 Rf8 20. Nxb7 Qxb7 21.
Bc5 Rfe8 22. e4 Bf6 23. f4 Bxh4 24. gxh4 Ned7 25. Bd4 c5 26. Ba1 Qc7 27. Qc3 f6
28. h5 gxh5 29. e5 f5 30. e6 1-0

[Event "Prvenstvo SSFBiH 2015"]
[Site "Lukavac"]
[Date "2016.04.03"]
[Round "7.7"]
[White "Jakovljevic, Vlado"]
[Black "Dugonjic, Dragan"]
[Result "1-0"]
[WhiteElo "2403"]
[BlackElo "2079"]
[PlyCount "63"]
[EventDate "2016.03.31"]

1. Nf3 Nf6 2. c4 g6 3. d4 Bg7 4. g3 O-O 5. Bg2 d6 6. Nc3 Nc6 7. O-O e5 8. d5
Ne7 9. e4 Nh5 10. Ne1 Bd7 11. Nd3 Qc8 12. Bd2 f5 13. exf5 Bxf5 14. Ne4 Nf6 15.
f3 Bd7 16. Nxf6+ Bxf6 17. Bc3 Nf5 18. Qd2 Bg7 19. f4 exf4 20. Nxf4 Bxc3 21.
Qxc3 Qe8 22. Ne6 Bxe6 23. dxe6 c6 24. Rae1 Qe7 25. Bh3 Ng7 26. Qd4 a6 27. Rxf8+
Rxf8 28. b4 Nf5 29. Bxf5 Rxf5 30. Kg2 Rf6 31. Qxf6 Qxf6 32. e7 1-0

[Event "Prvenstvo SSFBiH 2015"]
[Site "Lukavac"]
[Date "2016.04.03"]
[Round "7.8"]
[White "Vajic, Goran"]
[Black "Salkic, Midhat"]
[Result "1-0"]
[WhiteElo "2306"]
[BlackElo "2028"]
[PlyCount "75"]
[EventDate "2016.03.31"]

1. e4 e5 2. Nf3 Nc6 3. d4 exd4 4. Bc4 Nf6 5. e5 d5 6. Bb5 Ne4 7. Nxd4 Bd7 8.
Bxc6 bxc6 9. O-O Bc5 10. f3 Ng5 11. f4 Ne4 12. Be3 O-O 13. Nd2 f5 14. Nxe4 dxe4
15. Qd2 Bxd4 16. Qxd4 Be6 17. Qa4 Qd5 18. b3 Qb5 19. Qd4 Rfd8 20. Qc3 Rd5 21.
Rad1 Rad8 22. Rxd5 Qxd5 23. Bxa7 Qd2 24. Qxd2 Rxd2 25. Rc1 g5 26. g3 gxf4 27.
gxf4 Bc8 28. Bc5 Kf7 29. a4 Ba6 30. c4 Rd3 31. b4 Rf3 32. b5 cxb5 33. cxb5 Bb7
34. Ba7 Bd5 35. Rxc7+ Ke6 36. Bc5 Bc4 37. b6 e3 38. Bxe3 1-0

[Event "Prvenstvo SSFBiH 2015"]
[Site "Lukavac"]
[Date "2016.04.03"]
[Round "7.9"]
[White "Rosic, Slavko S"]
[Black "Zenelaj, Fisnik"]
[Result "1-0"]
[WhiteElo "2230"]
[BlackElo "1942"]
[PlyCount "91"]
[EventDate "2016.03.31"]

1. e4 c5 2. Nf3 d6 3. d4 cxd4 4. Nxd4 Nf6 5. Nc3 a6 6. Bg5 e6 7. f4 Be7 8. Qf3
Qc7 9. O-O-O Nc6 10. g4 Nxd4 11. Rxd4 Bd7 12. Rc4 Bc6 13. Bxf6 gxf6 14. Nd5 Qa5
15. b4 Qxa2 16. Nc7+ Kd7 17. Nxa8 Rxa8 18. Qc3 Rc8 19. Be2 b5 20. Kd2 d5 21.
exd5 exd5 22. Ra1 Qxa1 23. Qxa1 dxc4 24. c3 Bb7 25. g5 f5 26. Ke3 Bd6 27. Bf3
Bxf3 28. Kxf3 Rc6 29. Qc1 Ke6 30. Qe1+ Kd7 31. Qh4 Bxb4 32. Qxh7 Bxc3 33. Qxf7+
Kd6 34. g6 Bd4 35. Qf8+ Kc7 36. g7 Bxg7 37. Qxg7+ Kb6 38. Qd4+ Ka5 39. Qd5 Rc7
40. Qd8 Kb6 41. Ke2 c3 42. Kd1 c2+ 43. Kc1 a5 44. Qb8+ Kc6 45. Kxc2 b4 46. Kb3
1-0

[Event "Prvenstvo SSFBiH 2015"]
[Site "Lukavac"]
[Date "2016.04.03"]
[Round "7.10"]
[White "Nezirovic, Ozren"]
[Black "Bucan, Eldin"]
[Result "0-1"]
[WhiteElo "2082"]
[BlackElo "2172"]
[PlyCount "102"]
[EventDate "2016.03.31"]

1. e4 d6 2. d4 Nf6 3. Nc3 g6 4. h3 Bg7 5. f4 c5 6. dxc5 Qa5 7. Qf3 Qxc5 8. Be3
Qb4 9. O-O-O Nc6 10. e5 dxe5 11. fxe5 Nxe5 12. Bb5+ Nfd7 13. Qd5 O-O 14. Rd4
Qa5 15. Bxd7 Qxd5 16. Nxd5 Bxd7 17. Nxe7+ Kh8 18. Nf3 Be6 19. Nxe5 Bxe5 20. Re4
Bg7 21. Rd1 Rfd8 22. Bd4 Bxd4 23. Rexd4 Rxd4 24. Rxd4 Kg7 25. c4 Kf6 26. Nd5+
Ke5 27. Rd1 Rc8 28. Re1+ Kd6 29. b3 b5 30. Rd1 Kc5 31. Ne3 bxc4 32. Nxc4 Bxc4
33. bxc4 Rc7 34. Kb2 Re7 35. Kc3 Re3+ 36. Rd3 Rxd3+ 37. Kxd3 a5 38. a4 f5 39.
h4 h6 40. Kc3 g5 41. h5 f4 42. Kd3 Kb4 43. Kd4 g4 44. c5 f3 45. gxf3 gxf3 46.
c6 f2 47. c7 f1=Q 48. c8=Q Qd1+ 49. Ke4 Qxh5 50. Qf8+ Kxa4 51. Qe8+ Qb5 0-1

[Event "Prvenstvo SSFBiH 2015"]
[Site "Lukavac"]
[Date "2016.04.03"]
[Round "7.11"]
[White "Kasumovic, Muhidin"]
[Black "Bajramovic, Halid"]
[Result "1-0"]
[WhiteElo "1989"]
[BlackElo "2163"]
[PlyCount "51"]
[EventDate "2016.03.31"]

1. e4 d6 2. f4 g6 3. Nf3 Bg7 4. c3 Nf6 5. h3 O-O 6. Qc2 e5 7. d3 Nh5 8. fxe5
dxe5 9. Be3 Ng3 10. Rg1 b6 11. Nbd2 c5 12. O-O-O Nc6 13. Nc4 f5 14. Bg5 Qc7 15.
Kb1 fxe4 16. dxe4 Nxe4 17. Bh4 Nf6 18. Nd6 Qe7 19. Bc4+ Be6 20. Bxe6+ Qxe6 21.
Ng5 Qe7 22. Qb3+ Kh8 23. Ngf7+ Rxf7 24. Nxf7+ Kg8 25. Nd8+ Kh8 26. Nxc6 1-0

[Event "Prvenstvo SSFBiH 2015"]
[Site "Lukavac"]
[Date "2016.04.03"]
[Round "7.12"]
[White "Coric, Ahmed"]
[Black "Mesic, Vehid"]
[Result "0-1"]
[WhiteElo "2079"]
[BlackElo "1999"]
[PlyCount "90"]
[EventDate "2016.03.31"]

1. d4 Nf6 2. g3 g6 3. Bg2 Bg7 4. e4 d6 5. c4 O-O 6. Nc3 e5 7. Nge2 Nc6 8. d5
Ne7 9. h3 a5 10. Be3 Ne8 11. Qd2 f5 12. f3 a4 13. O-O-O c6 14. dxc6 bxc6 15. c5
d5 16. exd5 cxd5 17. Nxd5 Nxd5 18. Qxd5+ Qxd5 19. Rxd5 Be6 20. Nc3 Bxd5 21.
Nxd5 Nf6 22. Nb6 Ra5 23. Rd1 f4 24. Bf2 fxg3 25. Be3 Rb8 26. Bf1 Ne8 27. Bc4+
Kh8 28. c6 g2 29. Rg1 Bh6 30. Bxh6 Rxb6 31. Rxg2 Rxc6 32. b3 Nd6 33. Rd2 Ra8
34. Kb2 Rxc4 35. Rxd6 a3+ 36. Kb1 Rh4 37. Bg5 Rxh3 38. Bf6+ Kg8 39. Rd7 Rc8 40.
Rd1 Rxf3 41. Bxe5 h5 42. Rg1 Kf7 43. Bd6 Rh8 44. b4 Kf6 45. b5 Rd8 0-1

[Event "Prvenstvo SSFBiH 2015"]
[Site "Lukavac"]
[Date "2016.04.03"]
[Round "7.13"]
[White "Atlic, Mirza"]
[Black "Mahmutbegovic, Muharem"]
[Result "1/2-1/2"]
[WhiteElo "1960"]
[BlackElo "2024"]
[PlyCount "81"]
[EventDate "2016.03.31"]

1. e4 c5 2. Nc3 d6 3. g3 Nf6 4. Bg2 e5 5. Nge2 Be7 6. O-O O-O 7. d3 Nc6 8. h3
a6 9. a4 Nd4 10. Nd5 Nxe2+ 11. Qxe2 Nxd5 12. exd5 f5 13. f4 Bf6 14. c3 Bd7 15.
Be3 b5 16. a5 Qe7 17. Qd2 Rae8 18. Rae1 Qf7 19. Kh2 c4 20. fxe5 Bxe5 21. Bf4 h6
22. dxc4 bxc4 23. h4 Qf6 24. Bf3 Bxf4 25. Qxf4 g5 26. hxg5 hxg5 27. Qd2 f4 28.
g4 Qh6+ 29. Kg2 Qh4 30. Qf2 Bxg4 31. Qxh4 Bxf3+ 32. Rxf3 gxh4 33. Rxe8 Rxe8 34.
Rxf4 Re2+ 35. Kh3 Rxb2 36. Rxc4 Rb5 37. Rc8+ Kf7 38. c4 Rxa5 39. Kxh4 Rc5 40.
Ra8 Rxc4+ 41. Kg5 1/2-1/2

[Event "Prvenstvo SSFBiH 2015"]
[Site "Lukavac"]
[Date "2016.04.03"]
[Round "7.14"]
[White "Sabic, Muris"]
[Black "Lapo, Safet"]
[Result "1/2-1/2"]
[WhiteElo "1983"]
[BlackElo "1821"]
[PlyCount "90"]
[EventDate "2016.03.31"]

1. e4 d5 2. exd5 Qxd5 3. Nc3 Qa5 4. Nf3 Bf5 5. b4 Qb6 6. b5 e6 7. Be2 Nf6 8. a4
Bb4 9. Bb2 Nbd7 10. O-O O-O 11. Nh4 Bg6 12. Nxg6 hxg6 13. Rb1 Qa5 14. Bf3 Rab8
15. Re1 Rfd8 16. Qe2 Nb6 17. Red1 a6 18. g3 Bxc3 19. Bxc3 Qxa4 20. Rb4 Qxc2 21.
bxa6 bxa6 22. Qxa6 Nfd5 23. Rb2 Qf5 24. Qe2 Nxc3 25. dxc3 Qf6 26. Rc1 Nd5 27.
Rbc2 Rb6 28. Kg2 Rdb8 29. Qc4 Qe7 30. Bxd5 exd5 31. Qxd5 Rb2 32. Qf3 Qf6 33.
Qxf6 gxf6 34. h4 f5 35. Kf3 Kg7 36. Ke3 Kf6 37. Kd4 Rd8+ 38. Kc5 Rd2 39. Rxb2
Rxb2 40. Rf1 Ke7 41. Kd4 Ke6 42. f4 Rd2+ 43. Kc4 Rd7 44. Rf3 Kd6 45. Rd3+ Kc6
1/2-1/2

[Event "Prvenstvo SSFBiH 2015"]
[Site "Lukavac"]
[Date "2016.04.03"]
[Round "7.15"]
[White "Cosovic, Aziz"]
[Black "Mujacic, Haris"]
[Result "1-0"]
[WhiteElo "1995"]
[BlackElo "1853"]
[PlyCount "139"]
[EventDate "2016.03.31"]

1. e4 e6 2. d4 d5 3. Nc3 Bb4 4. e5 Ne7 5. Qg4 c5 6. Qxg7 Rg8 7. Qxh7 cxd4 8. a3
Qa5 9. Bb5+ Qxb5 10. axb4 dxc3 11. bxc3 Nbc6 12. Bf4 Nxb4 13. cxb4 Qxb4+ 14.
Bd2 Qb2 15. Rd1 Qxe5+ 16. Kf1 Bd7 17. Nf3 Bb5+ 18. Kg1 Qe2 19. Re1 Qxf3 20.
Qxg8+ Nxg8 21. gxf3 d4 22. h4 Nf6 23. Re5 Bc6 24. Kg2 Kd7 25. Rg5 Ba4 26. c3
Bc2 27. cxd4 Nd5 28. h5 a5 29. Rg7 Ke7 30. h6 a4 31. h7 Rh8 32. Rg8 Rxh7 33.
Rxh7 Bxh7 34. Ra8 b5 35. Kf1 Kd7 36. Ke2 Bc2 37. Bc1 Kc7 38. Ra7+ Kb6 39. Rxf7
b4 40. Kd2 Bb1 41. Bb2 a3 42. Ba1 b3 43. Rf8 Bc2 44. Ra8 a2 45. Rc8 Kb5 46.
Rc5+ Kb6 47. Bb2 Bg6 48. Kc1 Bd3 49. Ba1 Bg6 50. Kb2 Bc2 51. Ka3 Bh7 52. Kxb3
Bb1 53. Kb2 Nb4 54. Kb3 Nd5 55. Kc4 Nf4 56. Re5 Bf5 57. Rxf5 exf5 58. d5 Ng2
59. Kd4 Ne1 60. Ke5 Nxf3+ 61. Kxf5 Ne1 62. Ke6 Nc2 63. Bb2 a1=Q 64. Bxa1 Nxa1
65. d6 Nb3 66. d7 Nc5+ 67. Ke7 Nxd7 68. Kxd7 Kc5 69. Ke6 Kd4 70. f4 1-0

[Event "Prvenstvo SSFBiH 2015"]
[Site "Lukavac"]
[Date "2016.04.03"]
[Round "7.16"]
[White "Ruznic, Ramiz"]
[Black "Harcin, Amer"]
[Result "0-1"]
[WhiteElo "1980"]
[BlackElo "1953"]
[PlyCount "134"]
[EventDate "2016.03.31"]

1. Nf3 d5 2. d4 Nf6 3. g3 c6 4. Bg2 g6 5. O-O Bg7 6. b3 O-O 7. Bb2 Nbd7 8. Nbd2
b5 9. c4 bxc4 10. bxc4 Rb8 11. Bc3 Ba6 12. Qa4 Qc8 13. Bb4 Re8 14. Qa3 Nb6 15.
Ne5 Nfd7 16. Nxd7 Nxd7 17. Rac1 Qb7 18. Rb1 Bxd4 19. e3 Bg7 20. Rfc1 e6 21. Bd6
Bb2 22. Bxb8 Bxa3 23. Rxb7 Bxb7 24. Rc3 Bb4 25. Rb3 Bxd2 26. Rxb7 Nxb8 27. cxd5
cxd5 28. e4 Rd8 29. exd5 exd5 30. Rxa7 Bc3 31. Bf1 Rd7 32. Ra8 Rb7 33. a4 Kg7
34. a5 Nc6 35. a6 Rc7 36. Bg2 d4 37. Re8 Na7 38. Rd8 Kf6 39. Kf1 Ke7 40. Rb8 d3
41. Bf3 Bd4 42. Rb7 Rxb7 43. axb7 Be5 44. Be4 Kd7 45. f4 Bd6 46. f5 Kc7 47.
Bxd3 Kxb7 48. Bc4 gxf5 49. Bxf7 Nc6 50. Bg8 h6 51. Kf2 Kb6 52. h3 Nd4 53. g4 f4
54. h4 Be7 55. h5 Kc5 56. Bf7 Kd6 57. Be8 Ke5 58. Bd7 Ke4 59. Bc8 Bh4+ 60. Kf1
Kf3 61. Kg1 Nc2 62. Bd7 Ne3 63. Be6 Nxg4 64. Bf7 Nf6 65. Kh2 Kg4 66. Be6+ Kxh5
67. Kg2 Kg5 0-1

[Event "Prvenstvo SSFBiH 2015"]
[Site "Lukavac"]
[Date "2016.04.03"]
[Round "7.17"]
[White "Cabric, Izet"]
[Black "Abdic, Husnija"]
[Result "1-0"]
[WhiteElo "1934"]
[BlackElo "1757"]
[PlyCount "87"]
[EventDate "2016.03.31"]

1. e4 d6 2. d4 g6 3. c4 Bg7 4. Nc3 Nf6 5. Nf3 O-O 6. h3 Nbd7 7. Bg5 c5 8. d5 a6
9. Qd2 Qe8 10. Bd3 Ne5 11. O-O-O Nxd3+ 12. Qxd3 b5 13. e5 Bf5 14. Qe2 dxe5 15.
Nxe5 b4 16. g4 bxc3 17. gxf5 Qa4 18. b3 Qa3+ 19. Kb1 Rab8 20. Qc2 Rb7 21. Nc6
Rfb8 22. Nxb8 Rxb8 23. Rhe1 a5 24. Bf4 Rb7 25. d6 exd6 26. Rxd6 h6 27. Rd8+ Kh7
28. fxg6+ fxg6 29. Rb8 Rxb8 30. Bxb8 Qb4 31. Be5 Nh5 32. Rg1 Qb6 33. Bxc3 a4
34. Bxg7 Nxg7 35. h4 h5 36. Rg5 a3 37. Qc3 Nf5 38. Qe5 Qd8 39. Kc2 Nd4+ 40. Kc1
Qa5 41. Qe7+ Kh8 42. Qf8+ Kh7 43. Qf7+ Kh8 44. Qf6+ 1-0

[Event "Prvenstvo SSFBiH 2015"]
[Site "Lukavac"]
[Date "2016.04.03"]
[Round "7.18"]
[White "Mujcinovic, Muharem"]
[Black "Hadziselimovic, Bernardina"]
[Result "0-1"]
[WhiteElo "1783"]
[BlackElo "1947"]
[PlyCount "98"]
[EventDate "2016.03.31"]

1. e4 g6 2. Nf3 c5 3. Bc4 Bg7 4. O-O Nc6 5. a4 d6 6. h3 Nf6 7. Re1 O-O 8. d3 d5
9. exd5 Nxd5 10. c3 e6 11. Bg5 Qc7 12. Bh4 Bh6 13. Bg5 Bxg5 14. Nxg5 Nf6 15.
Nf3 b6 16. Qc1 Kg7 17. Nbd2 Bb7 18. Qc2 Rad8 19. Rad1 Na5 20. Ba2 Ba6 21. c4
Nc6 22. Qc3 Nd4 23. Re3 Bb7 24. Rde1 Kg8 25. Bb1 Nh5 26. Bc2 Ng7 27. Ra1 Ngf5
28. Ree1 Bxf3 29. Nxf3 Nxf3+ 30. gxf3 Qf4 31. Bd1 Qg5+ 32. Kh2 Nh4 33. Rg1 Qf4+
34. Rg3 Nf5 35. Be2 Nxg3 36. fxg3 Qe3 37. Re1 Qf2+ 38. Kh1 Qxg3 39. Rf1 Qxh3+
40. Kg1 Rd4 41. Rf2 Rh4 42. Rg2 Qh1+ 43. Kf2 Rh2 44. Rxh2 Qxh2+ 45. Ke1 Qg1+
46. Kd2 Qg5+ 47. Kd1 h5 48. a5 h4 49. d4 cxd4 0-1

[Event "Prvenstvo SSFBiH 2015"]
[Site "Lukavac"]
[Date "2016.04.03"]
[Round "7.19"]
[White "Mutapcic, Nijaz"]
[Black "Softic, Kasim"]
[Result "0-1"]
[WhiteElo "1753"]
[BlackElo "1886"]
[PlyCount "96"]
[EventDate "2016.03.31"]

1. d3 e5 2. e4 Nf6 3. Nf3 Nc6 4. Be3 Be7 5. Be2 O-O 6. h3 d5 7. Nbd2 h6 8. exd5
Nxd5 9. O-O Bd6 10. c4 Nf4 11. Kh2 Nxe2 12. Qxe2 e4+ 13. g3 exf3 14. Qxf3 Ne5
15. Qe2 Qd7 16. g4 Nxc4+ 17. f4 Nxe3 18. Qxe3 Re8 19. Ne4 b6 20. Qg3 Bb7 21.
Rae1 Rad8 22. Re3 Bc5 23. Nxc5 bxc5 24. Rfe1 Rxe3 25. Rxe3 Qd4 26. h4 Qxb2+ 27.
Kh3 Qxa2 28. f5 Qd2 29. g5 h5 30. g6 fxg6 31. Qg1 Bc8 32. Kg3 Bxf5 33. Rf3 Rxd3
34. Qxc5 Rxf3+ 35. Kxf3 Bg4+ 36. Kg3 Qd6+ 37. Qxd6 cxd6 38. Kf4 a5 39. Ke4 Be6
40. Kd4 a4 41. Kc3 a3 42. Kc2 Kf7 43. Kc3 Kf6 44. Kc2 Kf5 45. Kc3 Kg4 46. Kc2
Kxh4 47. Kb1 Kg3 48. Kc2 h4 0-1

[Event "Prvenstvo SSFBiH 2015"]
[Site "Lukavac"]
[Date "2016.04.03"]
[Round "7.20"]
[White "Hankic, Ramiz"]
[Black "Brcaninovic, Enes"]
[Result "1/2-1/2"]
[WhiteElo "1602"]
[BlackElo "1671"]
[PlyCount "45"]
[EventDate "2016.03.31"]

1. Nf3 d5 2. d4 Nf6 3. Bf4 Bf5 4. g3 Nc6 5. Bg2 e6 6. c3 h6 7. Nbd2 Bd6 8. Be3
Ne4 9. O-O O-O 10. Ne1 Nxd2 11. Qxd2 Na5 12. b3 Qe7 13. Nd3 Bxd3 14. exd3 c5
15. dxc5 Be5 16. b4 Nc6 17. d4 Bf6 18. Bf4 Rfe8 19. Bd6 Qd7 20. f4 Be7 21. Bxe7
Qxe7 22. a4 Qd7 23. a5 1/2-1/2

[Event "Prvenstvo SSFBiH 2015"]
[Site "Lukavac"]
[Date "2016.04.03"]
[Round "7.21"]
[White "Mikic, Ivana"]
[Black "Mesic, Ismet"]
[Result "0-1"]
[WhiteElo "1595"]
[BlackElo "1353"]
[PlyCount "102"]
[EventDate "2016.03.31"]

1. e4 c6 2. d4 d5 3. e5 Bf5 4. h4 h6 5. g4 Bg6 6. h5 Bh7 7. c4 e6 8. Nc3 Bb4 9.
Qb3 Bxc3+ 10. Qxc3 Ne7 11. c5 O-O 12. Bd3 Bxd3 13. Qxd3 Nd7 14. Bd2 b6 15. Qc3
Qc7 16. f4 bxc5 17. dxc5 Rab8 18. Nf3 Rb5 19. Be3 Rfb8 20. b3 a5 21. Rb1 Qb7
22. Nd4 Rxc5 23. Qd2 a4 24. b4 Rc4 25. a3 Nc5 26. O-O Ne4 27. Qg2 Rc3 28. Nc2
Qb5 29. Rf3 Qc4 30. Rc1 Qb3 31. Nd4 Rxc1+ 32. Bxc1 Qd1+ 33. Qf1 Qxd4+ 34. Be3
Qc4 35. Qg2 Nc3 36. f5 d4 37. Bd2 Ned5 38. f6 d3 39. fxg7 Nb1 40. g5 hxg5 41.
Qxg5 Nxd2 42. Qxd2 Qg4+ 43. Kf2 Qxh5 44. Qxd3 Qh2+ 45. Ke1 Qxe5+ 46. Kf2 Rd8
47. Rh3 Kxg7 48. Qh7+ Kf8 49. Rf3 Nf6 50. Qh6+ Ke7 51. Qc1 Rd2+ 0-1

[Event "Prvenstvo SSFBiH 2015"]
[Site "Lukavac"]
[Date "2016.04.03"]
[Round "7.22"]
[White "Kustura, Hajrudin"]
[Black "Zenelaj, Samuel"]
[Result "0-1"]
[WhiteElo "1616"]
[BlackElo "1691"]
[PlyCount "94"]
[EventDate "2016.03.31"]

1. e4 c5 2. Nf3 d6 3. Nc3 Nf6 4. h3 Nc6 5. d3 g6 6. Be3 Bg7 7. Qd2 h5 8. Be2
Bd7 9. Ng5 Bh6 10. f4 Bxg5 11. fxg5 Ng8 12. d4 cxd4 13. Bxd4 Nxd4 14. Qxd4 Rh7
15. O-O-O Qa5 16. Qe3 Be6 17. Bb5+ Kf8 18. Kb1 Rc8 19. Be2 Rc5 20. h4 Re5 21.
a3 f5 22. Rd4 a6 23. Rb4 b5 24. Qa7 fxe4 25. Nxb5 Rc5 26. Nxd6 Rc7 27. Qf2+ Bf5
28. Rb8+ Kg7 29. Ne8+ Kh8 30. Qd4+ e5 31. Qd8 Rhd7 32. Rb5 axb5 33. Qb8 Qa7 34.
Qxb5 Qc5 35. Nxc7 Rxc7 36. Qxc5 Rxc5 37. b4 Rc7 38. c4 Bg4 39. Bxg4 hxg4 40. c5
Ne7 41. Re1 Nd5 42. Kc2 e3 43. Kb3 Nf4 44. g3 Nd5 45. Kc4 Nb6+ 46. Kd3 Rd7+ 47.
Ke4 Nc4 0-1